The American impact on Russia (Record no. 34160)

MARC details
000 -LEADER
fixed length control field 00557nam a2200145 a 4500
008 - FIXED-LENGTH DATA ELEMENTS--GENERAL INFORMATION
fixed length control field 120416s1957 ||||||||||||||||| || u
050 ## - LIBRARY OF CONGRESS CALL NUMBER
Classification number E 183.8R9 Las
100 ## - MAIN ENTRY--PERSONAL NAME
Personal name Laserson, Max M., 1887-1951
245 14 - TITLE STATEMENT
Title The American impact on Russia
246 ## - VARYING FORM OF TITLE
Title proper/short title diplomatic and idealogical, 1784-1917
260 ## - PUBLICATION, DISTRIBUTION, ETC.
Place of publication, distribution, etc. New York
Name of publisher, distributor, etc. Macmillan
Date of publication, distribution, etc. 1957
300 ## - PHYSICAL DESCRIPTION
Extent ix, 441p. : ill.
350 ## - PRICE (NR) (BK AM CF MU VM SE) [OBSOLETE]
Price 0.00
995 ## - RECOMMENDATION 995 [LOCAL, UNIMARC FRANCE]
-- 0.00
-- CBU-MAIN LIBRARY (Kitwe)
-- 1
-- 20.00
-- 1
-- AVAILABLE
-- Oct 11, 2006
-- Main Library Open Access Collection
Holdings
Withdrawn status Lost status Source of classification or shelving scheme Damaged status Not for loan Home library Current library Shelving location Date acquired Total Checkouts Full call number Barcode Date last seen Price effective from Koha item type
          CBU-MAIN LIBRARY, KITWE. CBU-MAIN LIBRARY, KITWE.   11/30/2022   E 183.8R9 Las 001183 11/30/2022 11/30/2022 MONOGRAPH